Tujāh al-Kawākib /

Saved in:

Main Author: Bradley, H. Dennis 1878-1934 (Author)

Format: Book

Language: Arabic
English

Published: Miṣr : Maṭbaʻat Abdu Ghali, 1933.

Subjects:

Tags: Add Tag

No Tags, Be the first to tag this record!

Call Number: BF1261 .B7712 1933

LEADER 00832nam a22002297a 4500
003 OSt
005 20251215082226.0
008 251215t1933 ua g 000 0 ara d
040 |c ARCE Library 
041 1 |a ara  |h eng 
050 1 4 |a BF1261  |b .B7712 1933 
100 1 |a Bradley, H. Dennis  |q (Herbert Dennis),  |d 1878-1934,  |e author 
240 1 0 |a Towards the stars.  |l Arabic 
245 1 0 |6 880-02  |a Tujāh al-Kawākib /   |c taʼlīf Hirbirt Denys Birādlī ; taʻrīb Yūsuf Ghali. 
264 1 |a Miṣr :   |b Maṭbaʻat Abdu Ghali,   |c 1933. 
300 |a 111 pages ;   |c 20 cm. 
500 |a Translation of : Towards the stars. 
650 0 |a Spiritualism.  |9 13892 
880 1 0 |6 245-02/(3/r  |a تجاه الكواكب   |c تأليف هربرت دينيس برادلى ؛ تعريب يوسف غالى 
901 |a reviewed 
942 |c BK  |2 lcc 
999 |c 26008  |d 26008